| 000 | 01349cam a22003497a 4500 | ||
|---|---|---|---|
| 001 | 16763964 | ||
| 003 | ASAB | ||
| 005 | 20180827062637.0 | ||
| 008 | 110505s2011 ii ab g b 101 0 eng d | ||
| 010 | _a 2011414000 | ||
| 020 | _a9789350302194 | ||
| 035 | _a(OCoLC)ocn705677876 | ||
| 040 |
_aDKAGE _beng _cASAB _dDLC |
||
| 042 | _alccopycat | ||
| 043 | _aa-ii--- | ||
| 050 | 0 | 0 |
_aQH541.15.B56 _bI53 2008 |
| 082 | 0 | 4 |
_a577.220954 _222 |
| 111 | 2 |
_aIndian Science Congress _n(96th : _d2008 : _cShillong, India) _91887 |
|
| 245 | 1 | 0 |
_aBioresource management and climate change / _cby , Dr. R.N. Kumar |
| 260 |
_aNew Delhi : _bStudium Press (India), _c2011. |
||
| 300 |
_axii, 264 p. : _bill., map ; _c25 cm. |
||
| 504 | _aIncludes bibliographical references and index. | ||
| 520 | _aPapers presented at the 96th Indian Science Congress, held at Shillong in December 2008. | ||
| 650 | 0 |
_aBiodiversity _xClimatic factors _zIndia _vCongresses. _91888 |
|
| 650 | 0 |
_aBiodiversity conservation _zIndia _vCongresses. _91889 |
|
| 700 | 1 |
_aKumar, Dilip, _cDr. _91890 |
|
| 700 | 1 |
_aRajendran, K. V., _d1962- _91891 |
|
| 700 | 1 |
_aJahageerdar, S. _q(Shrinivas) _91892 |
|
| 906 |
_a7 _bcbc _ccopycat _d2 _encip _f20 _gy-gencatlg |
||
| 942 |
_2ddc _cBK |
||
| 999 |
_c480116 _d480116 |
||